Statistics for Santa Claus in Different Countries

Click here to take the quiz!

General Stats

  • This quiz has been taken 26 times
  • The average score is 9 of 20

Answer Stats

Hint Answer % Correct
Santa ClausUnited States
100%
SinterklaasNetherlands
86%
Père NoëlFrance
86%
JoulupukkiFinland
73%
WeihnachtsmannGermany
73%
Papá NoelSpain
68%
Babbo NataleItaly
59%
Father ChristmasEngland
55%
Daidí na NollagIreland
36%
MikulásHungary
36%
Pai NatalPortugal
32%
Moş CrăciunRomania
32%
Bodach na NollaigScotland
32%
KanakalokaHawaii
27%
Shengdan laorenChina
27%
Ded MorozRussia
27%
Siôn CornWales
23%
Hana KokoNew Zealand
14%
Saint NicholasTurkey
14%
OlentzeroBasque Country
9%

Score Distribution

Percentile by Number Answered

Percent of People with Each Score

Your Score History

You have not taken this quiz